000 00279nam a22001337a 4500
008 170918b xxu||||| |||| 00| 0 eng d
020 _a064300331
041 _aeng
080 _a77
100 _a44
101 _aART
245 _aRENAISSANCE ART
_cGILBERT,C
942 _2udc
_cBK
999 _c27955
_d27955